| 000 | 00567nam a2200229Ia 4500 | ||
|---|---|---|---|
| 008 | 171025s9999 xx 000 0 und d | ||
| 020 | _a840734921 | ||
| 050 | _a306.87 | ||
| 050 | _bL547 1994 | ||
| 100 | _aLeman, Kevin | ||
| 245 | _aLiving in a step-family without getting stepped on / | ||
| 245 | _cby Kevin Leman. | ||
| 260 | _aNashville, Tennessee | ||
| 260 | _bNelson, | ||
| 260 | _c1994 | ||
| 300 | _a282 pages : | ||
| 300 | _billustrations ; | ||
| 300 | _c23cm. | ||
| 500 | _aIncludes appendix. | ||
| 650 | _aStepfamilies. | ||
| 700 | _aTitle. | ||
| 999 |
_c344657 _d344657 |
||